Ako rozbehnúť motory

Cieľom národného projektu "Vysoké školy ako motory rozvoja vedomostnej spoločnosti", je prepojenie univerzít s praxou a prispôsobenie vzdelávania potrebám spoločnosti. Efektívnosť a podpora inovatívnych foriem študijných programov.

Enregistré dans:
Détails bibliographiques
Auteur principal: Kremský, Peter
Format: Chapitre de livre
Langue:slovaque
Sujets:
Tags: Ajouter un tag
Pas de tags, Soyez le premier à ajouter un tag!

MARC

LEADER 00000naa a2200000 4500
001 0182054
005 20231011123323.2
041 0 |a slo 
044 |a SK 
245 1 0 |a Ako rozbehnúť motory  |c Peter Kremský 
520 |a Cieľom národného projektu "Vysoké školy ako motory rozvoja vedomostnej spoločnosti", je prepojenie univerzít s praxou a prispôsobenie vzdelávania potrebám spoločnosti. Efektívnosť a podpora inovatívnych foriem študijných programov. 
610 2 0 |a univerzity 
610 2 0 |a školy vysoké 
610 2 0 |a programy študijné 
610 2 0 |a vzdelávanie vysokoškolské 
610 2 0 |a škola a prax 
610 2 0 |a efektívnosť vzdelávania 
100 1 |a Kremský, Peter